00450nam a2200181 a 4500001001300000003000900013005001700022008004100039020001000080082001500090100001500105245003600120260004000156300000800196500003500204505001000239650001900249nice12345678IN_TiNIC20260116012629.0050524s1977 glaa grp 000 0 eng  ac10000a262.7bKUN aKung, Hans aWhat Must Remain in the Church. aGlasgowbWilliam Collins Sonsc1977 a32p aincludes index and biblioraphy2 aIndex aChurch-Renewal